[Event "Cto por Equipos de Aragon  Preferente I "]
[Site "?"]
[Date "2026.02.21"]
[Round "5.31"]
[White "Juberias Segura, Santiago"]
[Black "Dolz Barea, Guillermo"]
[Result "1-0"]
[WhiteElo "1942"]
[BlackElo "1901"]
[PlyCount "123"]
[GameId "2282252578513354"]
[EventDate "2026.01.24"]
[WhiteTeam "Utebo San Lamberto"]
[BlackTeam "Iberajedrez Mundo 64 C"]

1. c4 c5 2. g3 g6 3. Bg2 Bg7 4. Nc3 Nc6 5. a3 e6 6. Rb1 Nge7 7. e4 Ne5 8. d3 a6 9. Be3 d6 10. f4 N5c6 11. Nge2 O-O 12. O-O Qb6 13. b4 Bd4 14. Nxd4 cxd4 15. Bf2 Qc7 16. b5 dxc3 17. bxc6 Nxc6 18. Qb3 e5 19. Qxc3 Qe7 20. c5 Nd4 21. cxd6 Qxd6 22. Bxd4 Qxd4+ 23. Qxd4 exd4 24. Rb6 Rd8 25. Rfb1 a5 26. Kf2 Bg4 27. h3 Be6 28. g4 a4 29. R1b4 Bb3 30. e5 Rac8 31. Rd6 Rc2+ 32. Kg3 Rdc8 33. f5 gxf5 34. gxf5 Kh8 35. Rbxd4 Rg8+ 36. Rg4 Rxg4+ 37. hxg4 Kg7 38. g5 b5 39. Be4 Rc8 40. Rb6 Rd8 41. Kf4 Bc2 42. Ke3 b4 43. Rxb4 h5 44. gxh6+ Kxh6 45. d4 Bb3 46. d5 Bxd5 47. Rd4 Bxe4 48. Rxd8 Bxf5 49. Rg8 Bg6 50. Kf4 Kh7 51. Ra8 Bc2 52. Rd8 Kg6 53. Rg8+ Kh7 54. Rg3 Bg6 55. Ke3 Kg7 56. Kd4 Kf8 57. Kd5 Ke7 58. Rc3 Bf5 59. Rc7+ Ke8 60. Kd6 Be6 61. Ra7 Kf8 62. Rxa4 1-0

[Event "Cto por Equipos de Aragon  Preferente I "]
[Site "?"]
[Date "2026.02.21"]
[Round "5.32"]
[White "Anadon Moreno, Mario"]
[Black "Olivan Lopez, Dario"]
[Result "0-1"]
[WhiteElo "1901"]
[BlackElo "1926"]
[PlyCount "92"]
[GameId "2282252578513355"]
[EventDate "2026.01.24"]
[WhiteTeam "Iberajedrez Mundo 64 C"]
[BlackTeam "Utebo San Lamberto"]

1. d4 d6 2. Nf3 Nd7 3. e3 e5 4. dxe5 dxe5 5. Bc4 Be7 6. b3 Ngf6 7. Bb2 Bb4+ 8. Nc3 c6 9. O-O b5 10. Be2 Qe7 11. a4 bxa4 12. Nxa4 O-O 13. c3 Bd6 14. Qc2 Bb7 15. Nd2 Rac8 16. c4 c5 17. Nc3 Bb8 18. e4 Rfd8 19. Nd5 Qe8 20. Nb1 Rc6 21. Nbc3 Nf8 22. Ba3 N6d7 23. Bg4 Rg6 24. Bf5 Rc6 25. Rfd1 Ne6 26. Bxe6 Rxe6 27. Rd3 Rc8 28. Rad1 Nf8 29. Na4 Rec6 30. Rg3 Kh8 31. Nac3 Ne6 32. Ne2 Ra6 33. Bc1 Nd4 34. Nxd4 cxd4 35. Rdd3 Qd8 36. Qd2 Ra1 37. h3 Bxd5 38. exd5 e4 39. Rxd4 Bxg3 40. fxg3 Qb6 41. Kh2 Rxc1 42. Qxc1 Qxd4 43. Qf4 Re8 44. Qxf7 Rg8 45. Qe7 e3 46. d6 Qd2 0-1

[Event "Cto por Equipos de Aragon  Preferente I "]
[Site "?"]
[Date "2026.02.21"]
[Round "5.33"]
[White "Lopez Guaita, Fernando"]
[Black "Martinez Sanz, Pablo"]
[Result "1-0"]
[WhiteElo "1899"]
[BlackElo "1874"]
[PlyCount "64"]
[GameId "2282252578513356"]
[EventDate "2026.01.24"]
[WhiteTeam "Utebo San Lamberto"]
[BlackTeam "Iberajedrez Mundo 64 C"]

1. e4 c5 2. Nc3 d6 3. f4 g6 4. Bc4 Bg7 5. Nf3 Nf6 6. d3 Nc6 7. O-O O-O 8. Qe1 e6 9. Qh4 d5 10. Bb3 c4 11. dxc4 Nxe4 12. Qxd8 Rxd8 13. cxd5 Nxc3 14. dxc6 Ne2+ 15. Kf2 Nxc1 16. Raxc1 Bxb2 17. cxb7 Bxb7 18. Rcd1 Bc3 19. Bc4 Be4 20. Bb3 a5 21. a4 Rab8 22. Ke2 Rdc8 23. Rd7 Bc6 24. Ra7 Rb4 25. Ng5 Bb7 26. Nxe6 Rc6 27. Nd8 Ba6+ 28. Kf3 Bxf1 29. Nxc6 Rb6 30. Nd8 Rf6 31. Nxf7 Kf8 32. Ng5 Rb6 1-0

[Event "Cto por Equipos de Aragon  Preferente I "]
[Site "?"]
[Date "2026.02.21"]
[Round "5.34"]
[White "Gordo Escalada, Fernando"]
[Black "Moursy Sadek, Tarek"]
[Result "1/2-1/2"]
[WhiteElo "1798"]
[BlackElo "1868"]
[PlyCount "146"]
[GameId "2282252578513357"]
[EventDate "2026.01.24"]
[WhiteTeam "Iberajedrez Mundo 64 C"]
[BlackTeam "Utebo San Lamberto"]

1. e4 c5 2. Nf3 Nc6 3. d4 cxd4 4. Nxd4 g6 5. Nc3 Bg7 6. Be3 d6 7. f3 Nf6 8. Qd2 O-O 9. O-O-O a6 10. g4 Ne5 11. h4 h5 12. gxh5 Nxh5 13. Rg1 Kh7 14. f4 Ng4 15. Be2 Nxe3 16. Qxe3 Nxf4 17. Nf5 Bxf5 18. exf5 Bh6 19. Rg5 Nxe2+ 20. Qxe2 gxf5 21. Qh5 f6 22. Kb1 Qe8 23. Qxe8 Raxe8 24. Rxf5 Rg8 25. a3 Rg4 26. Rh1 Kg6 27. Rff1 Kf7 28. b3 Rc8 29. Nd1 Rg2 30. Rf2 Rcg8 31. Rxg2 Rxg2 32. Nc3 f5 33. Nd5 e6 34. Nc3 Bg7 35. Nd1 Bd4 36. Kc1 f4 37. Rh3 Rg3 38. Rh2 f3 39. c3 Rg2 40. Rh3 f2 41. Rf3+ Bf6 42. Nxf2 Ke7 43. h5 d5 44. Nd3 Bxc3 45. Rh3 b6 46. Kd1 Bh8 47. Nf4 Rg1+ 48. Kc2 Kd6 49. h6 e5 50. Ne2 Rg2 51. Kd1 Rg6 52. Kc2 Ke7 53. Nc3 Rd6 54. h7 Kf7 55. Rg3 d4 56. Ne4 Rg6 57. Rh3 Kg7 58. Rh5 Re6 59. Kd3 Kg6 60. Rh2 Re7 61. Nd6 Rxh7 62. Rxh7 Kxh7 63. Ke4 Kg6 64. a4 Bf6 65. Nc8 b5 66. axb5 axb5 67. Nd6 b4 68. Nc4 Kg5 69. Nb2 Kg4 70. Nd3 Kg3 71. Nxb4 Be7 72. Nd3 Bd6 73. b4 Bxb4 1/2-1/2

[Event "Cto por Equipos de Aragon  Preferente I "]
[Site "?"]
[Date "2026.02.21"]
[Round "5.35"]
[White "Ferreruela Romero, Jose Joaquin"]
[Black "Luis Vitalla, Fernando"]
[Result "1/2-1/2"]
[WhiteElo "2010"]
[BlackElo "2045"]
[PlyCount "62"]
[GameId "2282252578513358"]
[EventDate "2026.01.24"]
[WhiteTeam "San Jose"]
[BlackTeam "Atletismo Huesca"]

1. d4 {[%eval 15,0]} d5 {[%eval 27,0]} 2. c4 {[%eval 16,0]} c6 {[%eval 21,0]} 3. Nf3 {[%eval 2,0]} Nf6 {[%eval 24,0]} 4. e3 {[%eval 15,0]} g6 {[%eval 4,0]} 5. Nc3 {[%eval 34,0]} Bg7 {[%eval 38,0]} 6. Bd3 {[%eval 31,0]} O-O {[%eval 35,0]} 7. O-O {[%eval 28,0]} Bg4 {[%eval 34,0]} 8. h3 {[%eval 37,0]} Bxf3 {[%eval 36,0]} 9. Qxf3 {[%eval 28,0]} e6 {[%eval 38,0]} 10. Rd1 {[%eval 37,0]} Nbd7 {[%eval 29,0]} 11. cxd5 {[%eval 6,0]} exd5 {[%eval 12,0]} 12. Bd2 {[%eval 15,0]} Re8 {[%eval 0,0]} 13. b4 {[%eval 0,0]} a6 {[%eval 0,0]} 14. a4 {[%eval 0,0]} Qe7 {[%eval 24,0]} 15. b5 {[%eval 23,0]} axb5 {[%eval 26,0]} 16. axb5 {[%eval 3,0]} Nf8 {[%eval 25,0]} 17. Rdc1 {[%eval 7,0]} c5 {[%eval 6,0]} 18. Rxa8 {[%eval 49,0]} Rxa8 {[%eval 59,0]} 19. dxc5 {[%eval 5,0]} Qxc5 {[%eval 66,0]} 20. e4 {[%eval 54,0]} dxe4 $2 {[%eval 200,0] Mistake. Qd4 was best.} (20... Qd4 21. exd5 Ra3 22. Rc2 Ne8 23. Bf1 Nd6 24. Qf4 Nf5 25. Nd1 Ra1 26. Qxd4) 21. Nxe4 {[%eval 164,0]} Qb6 $2 {[%eval 351,0] Mistake. Qe7 was best.} (21... Qe7 22. Bg5 N8d7 23. Rc7 Qe5 24. Bf4 Qd4 25. Nxf6+ Bxf6 26. Bf1 Ra1 27. Bh6) 22. Be3 {[%eval 305,0]} Qe6 {[%eval 345,0]} 23. Nxf6+ {[%eval 359,0]} Qxf6 {[%eval 346,0]} 24. Qxf6 $6 {[%eval 226,0] Inaccuracy. Qxb7 was best.} (24. Qxb7 Re8 25. Bc4 Re7 26. Qd5 h5 27. Rb1 Rd7 28. Qe4 Qe5 29. Qxe5 Bxe5) 24... Bxf6 {[%eval 232,0]} 25. Rc7 $4 {[%eval 42,0] Blunder. Be4 was best.} (25. Be4 Ra4 26. Bxb7 Rb4 27. b6 Nd7 28. Rc6 Bd4 29. Bxd4 Rxd4 30. Bc8 Nb8) 25... Rd8 {[%eval 41,0]} 26. Be2 {[%eval 38,0]} Rd7 {[%eval 43,0]} 27. b6 {[%eval 2,0]} Be5 {[%eval 2,0]} 28. Rc8 {[%eval 1,0]} Kg7 {[%eval 18,0]} 29. f4 {[%eval 6,0]} Bf6 $6 {[%eval 67,0] Inaccuracy. Bd4 was best.} (29... Bd4 30. Bxd4+ Rxd4 31. Rc7 Nd7 32. Rxb7 Rd6 33. Bc4 Nxb6 34. Rxf7+ Kh8 35. Bb3) 30. Bg4 {[%eval 29,0]} Ne6 {[%eval 33,0]} 31. f5 {[%eval 1,0]} gxf5 {[%eval 7,0] 1-0 White wins.} 1/2-1/2

[Event "Cto por Equipos de Aragon  Preferente I "]
[Site "?"]
[Date "2026.02.21"]
[Round "5.36"]
[White "Gella Bitrian, Diego"]
[Black "Gutierrez Mingueza, Ruben"]
[Result "1/2-1/2"]
[WhiteElo "1975"]
[BlackElo "2005"]
[PlyCount "83"]
[GameId "2282252578574799"]
[EventDate "2026.01.24"]
[WhiteTeam "Atletismo Huesca"]
[BlackTeam "San Jose"]

1. e4 {[%eval 18,0]} c5 {[%eval 25,0]} 2. Nf3 {[%eval 2,0]} Nc6 {[%eval 3,0]} 3. d4 {[%eval 27,0]} cxd4 {[%eval 27,0]} 4. Nxd4 {[%eval 21,0]} Nf6 {[%eval 19,0]} 5. Nc3 {[%eval 26,0]} e5 {[%eval 34,0]} 6. Ndb5 {[%eval 31,0]} d6 {[%eval 34,0]} 7. Bg5 {[%eval 22,0]} a6 {[%eval 3,0]} 8. Na3 {[%eval 38,0]} b5 {[%eval 36,0]} 9. Bxf6 {[%eval 23,0]} gxf6 {[%eval 24,0]} 10. Nd5 {[%eval 2,0]} Bg7 {[%eval 51,0]} 11. c3 {[%eval 18,0]} f5 {[%eval 22,0]} 12. exf5 {[%eval 18,0]} Bxf5 {[%eval 12,0]} 13. Nc2 {[%eval 2,0]} Be6 {[%eval 22,0]} 14. Nce3 {[%eval 15,0]} Ne7 {[%eval 16,0]} 15. a4 {[%eval 7,0]} Nxd5 {[%eval 12,0]} 16. Nxd5 {[%eval 4,0]} O-O {[%eval 12,0]} 17. Be2 {[%eval 4,0]} Rb8 {[%eval 13,0]} 18. axb5 {[%eval 13,0]} axb5 {[%eval 11,0]} 19. O-O {[%eval 15,0]} Kh8 {[%eval 32,0]} 20. Ra6 {[%eval 33,0]} f5 {[%eval 54,0]} 21. Bf3 $2 {[%eval -99,0] Mistake. Qd2 was best.} (21. Qd2 Bc8 22. Ra7 Bb7 23. Rd1 e4 24. Nf4 Be5 25. g3 Qg5 26. Qe3 Qh6) 21... e4 {[%eval -93,0]} 22. Bh5 {[%eval 81,0]} Be5 {[%eval 76,0]} 23. f4 {[%eval 7,0]} exf3 {[%eval 79,0]} 24. Bxf3 {[%eval 87,0]} Qh4 $6 {[%eval 3,0] Inaccuracy. Rg8 was best.} (24... Rg8 25. Re1 Bc8 26. Ra7 Bb7 27. Kf1 Rg7 28. Rxb7 Rbxb7 29. Nb4 Rbd7 30. Nc6) 25. g3 {[%eval 6,0]} Rg8 {[%eval 2,0]} 26. Bg2 {[%eval 0,0]} Qg5 {[%eval 0,0]} 27. Nf4 {[%eval 5,0]} Bc4 {[%eval 2,0]} 28. Rf3 {[%eval 23,0]} Rgd8 {[%eval 5,0]} 29. b3 {[%eval 15,0]} Bf7 {[%eval 5,0]} 30. Ra7 {[%eval 12,0]} Qg8 {[%eval 6,0]} 31. Qd3 {[%eval 1,0]} Ra8 {[%eval 4,0]} 32. Rxa8 {[%eval 0,0]} Rxa8 {[%eval 4,0]} 33. Qxf5 {[%eval 3,0]} Ra1+ {[%eval 0,0]} 34. Bf1 {[%eval 0,0]} Bxb3 {[%eval 1,0]} 35. Qd7 {[%eval 49,0]} Bc4 {[%eval 11,0]} 36. Qe7 {[%eval 57,0]} Rxf1+ $6 {[%eval 0,0] Inaccuracy. b4 was best.} (36... b4 37. Kg2 Rxf1 38. Rxf1 Bxf1+ 39. Kxf1 bxc3 40. Nd3 c2 41. Qc7 Qd5 42. Qxc2) 37. Rxf1 {[%eval 0,0]} Bxf1 {[%eval 0,0]} 38. Kxf1 {[%eval 0,0]} Qc8 {[%eval 0,0]} 39. Ne2 {[%eval 0,0]} Kg8 {[%eval 1,0]} 40. Qg5+ {[%eval 0,0]} Kf8 {[%eval 0,0]} 41. Qh6+ {[%eval 0,0]} Kg8 {[%eval 0,0]} 42. Qg5+ {[%eval 0,0]} 1/2-1/2

[Event "Cto por Equipos de Aragon  Preferente I "]
[Site "?"]
[Date "2026.02.21"]
[Round "5.37"]
[White "Palomar Ramon, Santiago"]
[Black "Gella Lopez, Angel"]
[Result "1/2-1/2"]
[WhiteElo "1903"]
[BlackElo "1952"]
[PlyCount "141"]
[GameId "2282252578574800"]
[EventDate "2026.01.24"]
[WhiteTeam "San Jose"]
[BlackTeam "Atletismo Huesca"]

1. e4 c5 2. Nc3 e6 3. Nf3 Nc6 4. d4 cxd4 5. Nxd4 Qc7 6. Be2 a6 7. O-O Nf6 8. Kh1 Nxd4 9. Qxd4 Bc5 10. Qd3 b5 11. f4 b4 12. e5 bxc3 13. exf6 cxb2 14. Bxb2 g6 15. Bf3 Rb8 16. Be5 d6 17. Bd4 O-O 18. Bc3 Bd7 19. Qd2 Qb6 20. Rae1 Bb4 21. Bxb4 Qxb4 22. c3 Qb2 23. Qe3 Qb6 24. Qd2 Qb2 25. Qxd6 Bb5 26. Rb1 Qxa2 27. Rfd1 Qc4 28. Rb4 Qxc3 29. Rbd4 h6 30. Qe7 Rfe8 31. Qa7 Rbc8 32. h3 Qc5 33. Qxc5 Rxc5 34. Be4 e5 35. Rd8 exf4 36. Rxe8+ Bxe8 37. Rd8 Re5 38. Bc6 Kf8 39. Bd7 h5 40. h4 Re1+ 41. Kh2 Re2 42. Kg1 Re3 43. Kf2 Re4 44. Kf3 Re1 45. Kxf4 Re2 46. g3 Re1 47. Ra8 Re2 48. Kg5 Re3 49. Kh6 Re1 50. Bxe8 Rxe8 51. Rxa6 Kg8 52. Ra5 Rb8 53. g4 hxg4 54. h5 gxh5 55. Kxh5 Rb6 56. Rg5+ Kf8 57. Kxg4 Rxf6 58. Rf5 Ra6 59. Rb5 Ra1 60. Kf5 Kg7 61. Rb7 Ra5+ 62. Kf4 Kg6 63. Rb6+ f6 64. Rb4 Ra1 65. Rc4 Rh1 66. Rc6 Rf1+ 67. Kg4 Ra1 68. Rb6 Ra4+ 69. Kg3 Kg5 70. Rb5+ f5 71. Rb3 1/2-1/2

[Event "Cto por Equipos de Aragon  Preferente I "]
[Site "?"]
[Date "2026.02.21"]
[Round "5.38"]
[White "Molina Cubero-Luna, German"]
[Black "Baldellou Vicente, Roberto"]
[Result "0-1"]
[WhiteElo "1927"]
[BlackElo "1893"]
[PlyCount "46"]
[GameId "2282252578574801"]
[EventDate "2026.01.24"]
[WhiteTeam "Atletismo Huesca"]
[BlackTeam "San Jose"]

1. d4 Nf6 2. Bf4 d5 3. Nc3 e6 4. e3 Bd6 5. Nf3 Bxf4 6. exf4 O-O 7. Ne5 c5 8. g4 Nfd7 9. Qd2 a6 10. Rg1 Qc7 11. Nxd7 Nxd7 12. Rg3 Re8 13. O-O-O b5 14. Rh3 b4 15. Ne2 Rb8 16. dxc5 Nxc5 17. Nd4 Bd7 18. Bd3 Nxd3+ 19. Qxd3 Qxf4+ 20. Kb1 Qe4 21. Qg3 e5 22. Nb3 Qxg4 23. Qd3 Qxh3 0-1

[Event "Cto por Equipos de Aragon  Preferente I "]
[Site "?"]
[Date "2026.02.21"]
[Round "5.39"]
[White "Lacamara Pasamar, Miguel"]
[Black "Ramon Perez, Jose Luis"]
[Result "1-0"]
[WhiteElo "2070"]
[BlackElo "2137"]
[PlyCount "79"]
[GameId "2282252578574802"]
[EventDate "2026.01.24"]
[WhiteTeam "Helios B"]
[BlackTeam "Fraga"]

1. e4 c5 2. Nf3 d6 3. d4 cxd4 4. Nxd4 Nf6 5. Nc3 a6 6. h3 e5 7. Nf3 Qc7 8. g4 h6 9. Nh4 Nbd7 10. Nf5 b5 11. Bg2 Bb7 12. a3 g6 13. Ne3 Bg7 14. h4 Nb6 15. h5 Rc8 16. hxg6 fxg6 17. g5 hxg5 18. Rxh8+ Bxh8 19. Bh3 Rd8 20. Ned5 Nbxd5 21. exd5 g4 22. Bxg4 Qc4 23. Be6 Bc8 24. Bxc8 Rxc8 25. Qf3 Qg4 26. Qh1 Kf7 27. Be3 Bg7 28. Kd2 Rh8 29. Qf1 e4 30. Rd1 Rc8 31. Kc1 Qf5 32. Bd4 Rc4 33. a4 Qc8 34. axb5 Nd7 35. Nxe4 Kg8 36. Nxd6 Rxc2+ 37. Kb1 Qc7 38. Ne8 Qf4 39. Nxg7 Qe4 40. Qd3 1-0

[Event "Cto por Equipos de Aragon  Preferente I "]
[Site "?"]
[Date "2026.02.21"]
[Round "5.40"]
[White "Vallverdu Miret, Oscar"]
[Black "Munoz Munoz, Juan Carlos"]
[Result "1/2-1/2"]
[WhiteElo "2031"]
[BlackElo "1936"]
[PlyCount "67"]
[GameId "2282252578574803"]
[EventDate "2026.01.24"]
[WhiteTeam "Fraga"]
[BlackTeam "Helios B"]

1. Nf3 g6 2. g3 Bg7 3. Bg2 c5 4. c4 Nc6 5. Nc3 e6 6. O-O Nge7 7. d3 O-O 8. Be3 Nd4 9. Na4 d6 10. Nxd4 cxd4 11. Bd2 Qc7 12. Rc1 Bd7 13. c5 Bc6 14. cxd6 Qxd6 15. Bxc6 Nxc6 16. Nc5 Qe7 17. Qb3 Rab8 18. Rc2 h5 19. h4 Kh7 20. Ne4 Bh6 21. Bxh6 Kxh6 22. Rfc1 e5 23. a3 f5 24. Ng5 f4 25. Qe6 fxg3 26. Qxe7 gxf2+ 27. Kf1 Nxe7 28. Rc7 Rbc8 29. Rxc8 Rxc8 30. Rxc8 Nxc8 31. Nf7+ Kg7 32. Nxe5 Nd6 33. Kxf2 Nf5 34. Nf3 1/2-1/2

[Event "Cto por Equipos de Aragon  Preferente I "]
[Site "?"]
[Date "2026.02.21"]
[Round "5.41"]
[White "Anson Casaos, Alejandro"]
[Black "Casas Chine, German"]
[Result "0-1"]
[WhiteElo "1874"]
[BlackElo "1885"]
[PlyCount "79"]
[GameId "2282252578574804"]
[EventDate "2026.01.24"]
[WhiteTeam "Helios B"]
[BlackTeam "Fraga"]

1. e4 c5 2. Nf3 d6 3. c3 Nf6 4. Be2 g6 5. O-O Bg7 6. Re1 O-O 7. Bf1 Nc6 8. d4 cxd4 9. cxd4 Bg4 10. Nc3 e5 11. d5 Nd4 12. Be2 Nxe2+ 13. Qxe2 Rc8 14. h3 Bd7 15. Be3 a6 16. a4 Nh5 17. a5 Nf4 18. Bxf4 exf4 19. Qd2 g5 20. e5 dxe5 21. Nxe5 Bf5 22. d6 Rc5 23. Nf3 Bxc3 24. bxc3 Be6 25. Re5 Rxe5 26. Nxe5 f6 27. Nf3 Qd7 28. Kh2 h5 29. Re1 Rd8 30. Qd4 Kf7 31. Rd1 Rc8 32. Nd2 f5 33. Nf3 Qd8 34. Nxg5+ Qxg5 35. d7 Rd8 36. Qb6 Qe7 37. Qxb7 Rxd7 38. Rxd7 Qxd7 39. Qxa6 Qc7 40. Qe2 0-1

[Event "Cto por Equipos de Aragon  Preferente I "]
[Site "?"]
[Date "2026.02.21"]
[Round "5.42"]
[White "Martinez Arbones, Victor"]
[Black "Gonzalez Azuara, Javier"]
[Result "1-0"]
[WhiteElo "1747"]
[BlackElo "1783"]
[PlyCount "59"]
[GameId "2282252578574805"]
[EventDate "2026.01.24"]
[WhiteTeam "Fraga"]
[BlackTeam "Helios B"]

1. e4 e6 2. d4 d5 3. e5 c5 4. c3 Nc6 5. Nf3 Bd7 6. a3 c4 7. b3 b5 8. Be2 Na5 9. Nbd2 Ne7 10. O-O Ng6 11. Re1 Be7 12. b4 Nc6 13. Nf1 a5 14. Be3 axb4 15. axb4 O-O 16. Ng3 Qb6 17. Qd2 Qb7 18. Nh5 Rxa1 19. Rxa1 Ra8 20. Rc1 Bf8 21. Nf4 Nge7 22. g4 Ra4 23. h4 Qa8 24. h5 Ra1 25. g5 Nf5 26. g6 Be8 27. Ng5 hxg6 28. hxg6 Nxe3 29. Qxe3 fxg6 30. Qh3 1-0

[Event "Cto por Equipos de Aragon  Preferente I "]
[Site "?"]
[Date "2026.02.21"]
[Round "5.43"]
[White "Chueca Lorente, Javier"]
[Black "Rebolledo Cuesta, Francisco Javier"]
[Result "1-0"]
[WhiteElo "2163"]
[BlackElo "1975"]
[PlyCount "43"]
[GameId "2282252578574806"]
[EventDate "2026.01.24"]
[WhiteTeam "MyInvestor Casablanca C"]
[BlackTeam "Jaque - Aramovil B"]

{[%evp 0,43,21,5,5,6,15,4,27,23,23,16,18,14,22,24,28,44,30,40,51,42,55,5,70,59,76,55,95,55,93,60,89,97,103,82,129,143,168,171,197,131,576,531,1015,1014]} 1. c4 e5 2. g3 Nc6 3. Bg2 g6 4. Nc3 Bg7 5. Nf3 d6 6. O-O f5 7. d3 Nf6 8. Rb1 O-O 9. b4 h6 10. b5 Ne7 11. c5 e4 12. dxe4 fxe4 13. cxd6 cxd6 14. Nd4 d5 15. Qb3 Kh8 16. Ba3 Re8 17. Rbd1 e3 18. fxe3 Ng4 19. Bxe7 Rxe7 20. Nxd5 Rxe3 21. Nxe3 Bxd4 22. Rxd4 1-0

[Event "Cto por Equipos de Aragon  Preferente I "]
[Site "?"]
[Date "2026.02.21"]
[Round "5.44"]
[White "Montoro Mavilla, Sergio"]
[Black "Felipo Martinez, Marcos"]
[Result "1/2-1/2"]
[WhiteElo "1962"]
[BlackElo "2008"]
[PlyCount "126"]
[GameId "2282252578574807"]
[EventDate "2026.01.24"]
[WhiteTeam "Jaque - Aramovil B"]
[BlackTeam "MyInvestor Casablanca C"]

{[%evp 0,125,12,23,22,27,12,21,15,5,1,26,27,20,48,37,51,25,35,39,37,42,23,32767,29,52,24,28,62,23,58,0,-21,-79,78,27,7,58,44,35,67,70,55,1,97,47,50,34,30,56,154,151,146,99,165,40,-1,32,47,-256,-258,-312,-312,-380,-342,-430,-401,-374,-407,-377,-392,-376,-430,-375,-358,-372,-364,-364,-338,-370,-372,-386,-376,-388,-376,-375,-387,-403,-413,-464,-388,-424,-491,-448,-300,-314,-284,-328,-198,-282,-290,-285,-274,-231,-119,-124,-86,-75,-133,-173,-179,-122,-56,-86,0,-38,-12,0,0,-173,-157,-137,-163,-189,-79,-53,-64,-36]} 1. e4 e5 2. Nf3 Nc6 3. Bb5 a6 4. Ba4 Nf6 5. O-O Bc5 6. c3 b5 7. Bc2 d6 8. Re1 O-O 9. h3 Re8 10. d4 Ba7 11. a4 exd4 12. cxd4 Nb4 13. Bb3 c5 14. axb5 axb5 15. dxc5 dxc5 16. e5 Qxd1 17. Rxd1 c4 18. Be3 Nfd5 19. Rxa7 Rxa7 20. Bxa7 cxb3 21. Bc5 Be6 22. Na3 Na6 23. Bd6 b4 24. Nb5 Nb6 25. Ra1 Ra8 26. Nbd4 Bd5 27. Ne1 Nc4 28. Nd3 f6 29. Nf5 Be4 30. Ne7+ Kf7 31. Nxb4 Nxd6 32. Rxa6 Rxa6 33. Nxa6 fxe5 34. f3 Bb7 35. Nc5 Kxe7 36. Nxb3 Bd5 37. Nc5 Nb5 38. Kf2 Nd4 39. Ke3 Nf5+ 40. Kf2 Kd6 41. Nd3 Bc4 42. Ne1 Kc5 43. g3 Kb4 44. Ng2 Kb3 45. g4 Ne7 46. Ke3 g5 47. Ke4 Ng6 48. Kf5 Bd5 49. Kxg5 Bxf3 50. Ne3 Be4 51. h4 Kxb2 52. h5 Ne7 53. Nc4+ Kc3 54. Nxe5 Kd4 55. Nd7 Ng8 56. Kf4 Bc6 57. Nf8 Nf6 58. Kf5 Nd7 59. Ne6+ Kd5 60. Nf4+ Kd6 61. g5 Ke7 62. h6 Nf8 63. g6 hxg6+ 1/2-1/2

[Event "Cto por Equipos de Aragon  Preferente I "]
[Site "?"]
[Date "2026.02.21"]
[Round "5.45"]
[White "Cebollada Pacheco, Jesus Raul"]
[Black "Zazuliak, Kostiantyn"]
[Result "0-1"]
[WhiteElo "1990"]
[BlackElo "1918"]
[PlyCount "58"]
[GameId "2282252578640344"]
[EventDate "2026.01.24"]
[WhiteTeam "MyInvestor Casablanca C"]
[BlackTeam "Jaque - Aramovil B"]

{[%evp 0,56,21,12,38,22,29,30,49,28,26,-35,56,5,46,-35,-14,0,-21,-15,-29,-72,-41,-89,0,-33,-52,-87,-89,32767,32767,32767,-173,-159,-170,-219,-226,-272,-306,-250,-237,-280,-290,-321,-298,-429,-343,-358,-341,-298,-92,-139,-81,-586,-612,-675,-665,-624,-714]} 1. e4 d6 2. d4 Nf6 3. Nc3 e5 4. Nf3 Nbd7 5. g4 c6 6. dxe5 dxe5 7. Bc4 Be7 8. g5 Nh5 9. Be3 O-O 10. Qd3 Qa5 11. Rg1 g6 12. O-O-O Nc5 13. Bxc5 Qxc5 14. Ne2 b5 15. Bb3 a5 16. a3 b4 17. a4 Ba6 18. Qd2 Qxf2 19. Nxe5 Qxe2 20. Qxe2 Bxe2 21. Rd7 Rae8 22. Rg2 Nf4 23. Rf2 Bxg5 24. Nxf7 c5 25. Nxg5+ c4 26. Rxe2 Nxe2+ 27. Kd2 cxb3 28. Kxe2 bxc2 29. Kd2 Rc8 0-1

[Event "Cto por Equipos de Aragon  Preferente I "]
[Site "?"]
[Date "2026.02.21"]
[Round "5.46"]
[White "Vizcarra Susin, Sergio"]
[Black "Alvarez Gonzalo, Miguel Angel"]
[Result "1-0"]
[WhiteElo "1724"]
[BlackElo "1849"]
[PlyCount "67"]
[GameId "2282252578640345"]
[EventDate "2026.01.24"]
[WhiteTeam "Jaque - Aramovil B"]
[BlackTeam "MyInvestor Casablanca C"]

{[%evp 0,65,20,11,11,19,20,5,2,0,14,10,26,5,38,9,29,25,52,27,67,59,65,63,64,66,231,168,266,168,180,197,170,198,202,104,137,113,96,93,89,59,7,43,55,14,0,8,85,84,17,77,109,78,98,69,107,140,153,138,145,118,197,156,238,201,218,253]} 1. d4 Nf6 2. Nf3 e6 3. Bf4 d5 4. e3 Bd6 5. Bg3 a6 6. Bd3 Nc6 7. c3 Ne4 8. Nbd2 Nxg3 9. hxg3 h6 10. e4 Bd7 11. e5 Be7 12. Nh4 g5 13. Ng6 Rg8 14. Nxe7 Qxe7 15. Rxh6 O-O-O 16. Qh5 Rg7 17. Rh7 f5 18. exf6 Qxf6 19. Rxg7 Qxg7 20. O-O-O e5 21. dxe5 Nxe5 22. Nf3 Bg4 23. Qh7 Qf6 24. Nxe5 Qxe5 25. f3 Bd7 26. g4 Kb8 27. Kc2 Qf4 28. Qe7 Qa4+ 29. Kc1 Re8 30. Qxg5 Qxa2 31. Bb1 Qa4 32. Qxd5 Be6 33. Qd4 Qa1 34. Re1 1-0

[Event "Cto por Equipos de Aragon  Preferente I "]
[Site "?"]
[Date "2026.02.21"]
[Round "5.47"]
[White "Hernando Garcia, Antonio"]
[Black "Rubiella Moreno, Oscar"]
[Result "1/2-1/2"]
[WhiteElo "2056"]
[BlackElo "1988"]
[PlyCount "135"]
[GameId "2282252578640346"]
[EventDate "2026.01.24"]
[WhiteTeam "El Olivar B"]
[BlackTeam "Enroque de Barbastro"]

1. Nf3 Nf6 2. c4 g6 3. Nc3 Bg7 4. g3 O-O 5. Bg2 c5 6. O-O Nc6 7. a3 d5 8. cxd5 Nxd5 9. Nxd5 Qxd5 10. d3 b6 11. Rb1 Bb7 12. b4 cxb4 13. axb4 Rac8 14. Qb3 Nd4 15. Qd1 Qa2 16. Bb2 Nxf3+ 17. Bxf3 Bxf3 18. exf3 Bxb2 19. Qe2 Qd5 20. Rxb2 Rc7 21. Ra1 Rfc8 22. Qe4 Qd7 23. Kg2 Rc1 24. Rba2 Rxa1 25. Rxa1 h5 26. h4 Rc7 27. f4 e6 28. Ra3 Kh7 29. Qa8 Kg7 30. Qe4 Qc8 31. Qe5+ Kh7 32. Qe4 Rd7 33. Qc4 Qb7+ 34. Qe4 Rd5 35. Rc3 a5 36. bxa5 bxa5 37. Rc4 Qd7 38. Rc3 Qb7 39. Kf1 Kg7 40. Qc4 Qd7 41. Ke2 a4 42. Ra3 Rd4 43. Qc5 Kh7 44. Ke3 Rd5 45. Qb4 e5 46. Qxa4 Rxd3+ 47. Ke2 Rd2+ 48. Ke1 Qd5 49. Qb3 exf4 50. Qxd5 Rxd5 51. Kf1 Kg7 52. Kg2 fxg3 53. fxg3 Kf6 54. Ra7 Ke6 55. Kf3 f6 56. Ra6+ Kf5 57. Ra4 Rd3+ 58. Kf2 g5 59. hxg5 fxg5 60. g4+ hxg4 61. Ra8 g3+ 62. Kg2 Re3 63. Ra4 Rd3 64. Rb4 Ra3 65. Rc4 g4 66. Rc5+ Kf4 67. Rc4+ Kg5 68. Rc8 1/2-1/2